000 00195nam a22000857a 4500
008 170111b xxu||||| |||| 00| 0 eng d
100 _92325
_aPaco
245 _aPaco on the Farm
260 _aCanada
_c1995
999 _c5258
_d5258